| 000 | 00967cam a2200253 a 4500 | ||
|---|---|---|---|
| 001 | 202 | ||
| 003 | BR-CuiBMT | ||
| 005 | 20231129041830.0 | ||
| 008 | 230829s2021 mgb 000 0 por d | ||
| 020 | _a9786555182521 | ||
| 040 |
_aBR-CuiBMT _cBR-CuiBMT |
||
| 080 |
_22007 _a342.726-056.26 |
||
| 090 |
_a342.726-056.26 _bC732 _c2. ed. |
||
| 245 | 0 | 0 |
_aComentários ao estatuto da pessoa com deficiência à luz da Constituição da República : _cHeloisa Helena Barboza, Vitor Almeida, coordenadores ; prefácios Francisco J. Bariffi, Gustavo Tepedino. |
| 250 | _a2. ed., rev., ampl. e atual. | ||
| 260 |
_aBelo Horizonte : _bFórum, _c2021. |
||
| 300 |
_a448 p. ; _c24 cm |
||
| 504 | _aInclui bibliografia. | ||
| 650 |
_aPessoa com deficiência _vLegislação _zBrasil |
||
| 650 |
_aDireitos e garantias individuais _zBrasil |
||
| 650 |
_aCidade inteligente _xAspectos jurídicos |
||
| 700 | 1 |
_aBarboza, Heloisa Helena, Almeida, Vitor _dcoord. |
|
| 942 |
_2udc _cLV |
||
| 999 |
_c202 _d202 |
||